[Event "Niedersachsen-ch op"]
[Site "Verden"]
[Date "2016.01.05"]
[Round "5"]
[White "Franke, Klaus"]
[Black "Franke, Dirk"]
[Result "1/2-1/2"]
[WhiteElo "1899"]
[BlackElo "1817"]
[PlyCount "41"]
[EventDate "2016.01.03"]
[EventType "swiss"]
[EventRounds "7"]
[EventCountry "GER"]
[SourceTitle "EXT 2018"]
[Source "ChessBase"]
[SourceDate "2017.10.13"]
[SourceVersion "1"]
[SourceVersionDate "2017.10.13"]
[SourceQuality "1"]

1. d4 d5 2. Nf3 Nf6 3. e3 e6 4. Bd3 Be7 5. 0-0 0-0 6. Nbd2 c5 7. b3 b6 8. Qe2 Bb7 9. e4 dxe4 10. Nxe4 Nxe4 11. Bxe4 Bxe4 12. Qxe4 Qd5 13. Qxd5 exd5 14. Be3 Nc6 15. Rfd1 Rfd8 16. Rac1 Rac8 17. c3 h6 18. Kf1 Kf8 19. Rd3 Rd7 20. Rcd1 Rcd8 21. Ke2 1/2-1/2

[Event "Niedersachsen-ch op-A"]
[Site "Verden"]
[Date "2015.01.02"]
[Round "1"]
[White "Traetmar, Mattis"]
[Black "Franke, Klaus"]
[Result "0-1"]
[WhiteElo "1794"]
[BlackElo "1914"]
[PlyCount "102"]
[EventDate "2015.01.02"]
[EventType "swiss"]
[EventRounds "7"]
[EventCountry "GER"]
[SourceTitle "EXT 2018"]
[Source "ChessBase"]
[SourceDate "2017.10.13"]
[SourceVersion "1"]
[SourceVersionDate "2017.10.13"]
[SourceQuality "1"]

1. e4 c6 2. d4 d5 3. f3 e6 4. Nc3 b6 5. Be3 Na6 6. Bd3 Nc7 7. Nge2 c5 8. Nf4 Ne7 9. dxc5 d4 10. Bxd4 Qxd4 11. Nb5 Qxc5 12. a4 Bd7 13. Ra3 Nxb5 14. Bxb5 Bxb5 15. axb5 Ng6 16. Nxg6 hxg6 17. Qe2 Qc7 18. Ra4 Rd8 19. Rc4 Qd7 20. Ra4 Be7 21. 0-0 Bc5+ 22. Kh1 0-0 23. Rfa1 Ra8 24. b4 Be7 25. Rd1 Qc7 26. Rd4 Rfd8 27. Rd3 Rxd3 28. Qxd3 Rd8 29. Qe2 Qc3 30. Rxa7 Bxb4 31. h3 Rd2 32. Ra8+ Bf8 33. Qe1 Qxc2 34. Qh4 Rd1+ 35. Kh2 Qc7+ 36. f4 f6 37. Qg4 Rd8 38. Qxe6+ Kh7 39. Rxd8 Qxd8 40. e5 Bc5 41. Qg4 Qd4 42. h4 fxe5 43. h5 Qxf4+ 44. Kh3 Qxg4+ 45. Kxg4 gxh5+ 46. Kxh5 e4 47. Kg4 e3 48. Kf3 Kg6 49. Ke2 Kf5 50. Kd3 Kf4 51. Ke2 Ke4 0-1

[Event "Niedersachsen-ch op-A"]
[Site "Verden"]
[Date "2014.01.04"]
[Round "6"]
[White "Santos, Jose"]
[Black "Franke, Klaus"]
[Result "0-1"]
[WhiteElo "1802"]
[BlackElo "1877"]
[PlyCount "80"]
[EventDate "2014.01.02"]
[EventType "swiss"]
[EventRounds "7"]
[EventCountry "GER"]
[SourceTitle "EXT 2016"]
[Source "ChessBase"]
[SourceDate "2015.10.08"]
[SourceVersion "1"]
[SourceVersionDate "2015.10.08"]
[SourceQuality "1"]

1. e4 c6 2. d4 d5 3. Nc3 dxe4 4. Nxe4 Nd7 5. Bc4 Ngf6 6. Ng5 e6 7. Qe2 Nb6 8. Bb3 h6 9. N5f3 Bd6 10. Ne5 Qc7 11. f4 c5 12. c3 cxd4 13. cxd4 Nbd5 14. Bd2 0-0 15. Ngf3 Bd7 16. Rc1 Qd8 17. 0-0 a6 18. Nxd7 Qxd7 19. Ne5 Qe7 20. a3 Rfc8 21. Qf3 Bc7 22. f5 Bb6 23. Qd3 exf5 24. Kh1 Rxc1 25. Rxc1 Rd8 26. Rf1 f4 27. Bc3 g5 28. Bb4 Qc7 29. Bd2 Kg7 30. Rc1 Qe7 31. Re1 Qd6 32. Bc2 Ne3 33. Nxf7 Kxf7 34. Qg6+ Ke6 35. Bb3+ Kd7 36. Qf7+ Kc8 37. Rc1+ Kb8 38. Bb4 Qxd4 39. Bc3 Qe4 40. Rg1 f3 0-1

[Event "Niedersachsen-ch op-A"]
[Site "Verden"]
[Date "2014.01.02"]
[Round "1"]
[White "Ernst, Franz"]
[Black "Franke, Klaus"]
[Result "1-0"]
[WhiteElo "2061"]
[BlackElo "1877"]
[PlyCount "65"]
[EventDate "2014.01.02"]
[EventType "swiss"]
[EventRounds "7"]
[EventCountry "GER"]
[SourceTitle "EXT 2016"]
[Source "ChessBase"]
[SourceDate "2015.10.08"]
[SourceVersion "1"]
[SourceVersionDate "2015.10.08"]
[SourceQuality "1"]

1. e4 c6 2. d4 d5 3. f3 g6 4. Nc3 Bg7 5. e5 h5 6. Be3 Nh6 7. Qd2 Nf5 8. Bf4 Bh6 9. Bxh6 Nxh6 10. 0-0-0 Bf5 11. Nge2 Nd7 12. Nf4 e6 13. Be2 c5 14. Nb5 cxd4 15. Nd6+ Kf8 16. Qxd4 Qb6 17. g4 hxg4 18. fxg4 Qxd4 19. Rxd4 Nxg4 20. Bxg4 Bxg4 21. Nxg6+ fxg6 22. Rxg4 Nxe5 23. Rg5 Ke7 24. Nxb7 Kf6 25. Rg2 Rh5 26. Nc5 Rc8 27. b4 a5 28. a3 axb4 29. axb4 Rf5 30. Re2 Rc6 31. Rhe1 Rh5 32. Rxe5 Rxc5 33. Rxe6+ 1-0

[Event "Niedersachsen-ch op-A"]
[Site "Verden"]
[Date "2013.01.04"]
[Round "3"]
[White "Franke, Klaus"]
[Black "Brehm, Stefan"]
[Result "1-0"]
[WhiteElo "1861"]
[BlackElo "1882"]
[PlyCount "79"]
[EventDate "2013.01.03"]
[EventType "swiss"]
[EventRounds "7"]
[EventCountry "GER"]
[SourceTitle "EXT 2014"]
[Source "ChessBase"]
[SourceDate "2013.11.20"]
[SourceVersion "1"]
[SourceVersionDate "2013.11.20"]
[SourceQuality "1"]

1. d4 d5 2. Nf3 c6 3. e3 Nf6 4. Bd3 Bg4 5. Nbd2 e6 6. 0-0 Bd6 7. c3 Nbd7 8. h3 Bh5 9. Re1 0-0 10. e4 dxe4 11. Nxe4 Nxe4 12. Bxe4 Nf6 13. Bc2 Qc7 14. Bg5 Be7 15. Qd3 Bg6 16. Qd2 Bxc2 17. Qxc2 h6 18. Bh4 Rfd8 19. Re2 Rac8 20. Qb3 b6 21. Rae1 Nd5 22. Bxe7 Qxe7 23. Ne5 Qg5 24. Nf3 Qg6 25. Re4 c5 26. dxc5 Rxc5 27. Qd1 Qf6 28. Rd4 Rdc8 29. Qd2 b5 30. Ne5 Qd8 31. Re3 Qg5 32. Rg4 Qf5 33. Re2 Nxc3 34. bxc3 Rxe5 35. Rxe5 Qxe5 36. Qxh6 Rxc3 37. f4 Qd4+ 38. Kh1 Rc2 39. Qg5 Qb2 40. Qd8+ 1-0

[Event "Niedersachsen-ch op-A"]
[Site "Verden"]
[Date "2013.01.03"]
[Round "2"]
[White "Schumann, Steffen"]
[Black "Franke, Klaus"]
[Result "0-1"]
[WhiteElo "1776"]
[BlackElo "1861"]
[PlyCount "108"]
[EventDate "2013.01.03"]
[EventType "swiss"]
[EventRounds "7"]
[EventCountry "GER"]
[SourceTitle "EXT 2014"]
[Source "ChessBase"]
[SourceDate "2013.11.20"]
[SourceVersion "1"]
[SourceVersionDate "2013.11.20"]
[SourceQuality "1"]

1. e4 c6 2. d4 d5 3. e5 Bf5 4. Nc3 h5 5. Nf3 h4 6. Bg5 Qb6 7. Rb1 h3 8. gxh3 f6 9. Bf4 g5 10. Bg3 Nd7 11. Bd3 Bxh3 12. Bg6+ Kd8 13. Rg1 Bg4 14. exf6 exf6 15. Bc7+ Kxc7 16. Rxg4 Bd6 17. h4 Ne7 18. Bf7 gxh4 19. Rxh4 Rxh4 20. Nxh4 Rh8 21. Qg4 f5 22. Nxf5 Nxf5 23. Qxf5 Qxd4 24. Be6 Re8 25. Ne2 Qe5 26. Qxe5 Bxe5 27. Bxd7 Kxd7 28. Kd2 Rf8 29. Ke3 c5 30. f4 Bd6 31. Rh1 Rf6 32. Rf1 b5 33. f5 Be5 34. c3 a5 35. Kd3 b4 36. Rf3 Kc6 37. Kc2 Kb5 38. Nc1 c4 39. Ne2 Kc5 40. a3 bxa3 41. bxa3 Rb6 42. a4 Bf6 43. Ng3 Rb3 44. Nh5 Rb6 45. Rg3 d4 46. cxd4+ Bxd4 47. Rg6 Rb2+ 48. Kc1 Rf2 49. Ra6 Kb4 50. f6 Kc3 51. Ng3 Kd3 52. f7 Rxf7 53. Rg6 Rf2 54. Rc6 Ra2 0-1

[Event "Bad Harzburg op 13th"]
[Site "Bad Harzburg"]
[Date "2012.10.31"]
[Round "2"]
[White "Franke, Klaus"]
[Black "Noack, Reiner"]
[Result "0-1"]
[WhiteElo "1882"]
[BlackElo "2112"]
[PlyCount "132"]
[EventDate "2012.10.30"]
[EventType "swiss"]
[EventRounds "8"]
[EventCountry "GER"]
[SourceTitle "EXT 2014"]
[Source "ChessBase"]
[SourceDate "2013.11.20"]
[SourceVersion "1"]
[SourceVersionDate "2013.11.20"]
[SourceQuality "1"]

1. d4 Nf6 2. Nf3 g6 3. Nbd2 Bg7 4. e4 d6 5. Bd3 0-0 6. c3 Nc6 7. 0-0 e5 8. d5 Ne7 9. Nb3 a5 10. Bd2 c6 11. c4 a4 12. Nc1 Bd7 13. Ne2 cxd5 14. cxd5 b5 15. a3 Qb6 16. Bb4 Nh5 17. Qd2 h6 18. Qe3 Qb8 19. h3 f5 20. Nc3 Nf4 21. Rad1 Kh8 22. Kh2 Ng8 23. Ng1 Nf6 24. f3 N6h5 25. g3 Nxg3 26. Rf2 Nxd3 27. Rxd3 f4 28. Qe1 Bf6 29. Rg2 Bh4 30. Qd1 Rf6 31. Nce2 Qf8 32. Be1 Nf1+ 33. Kh1 Bxe1 34. Qxe1 Ne3 35. Rh2 g5 36. Nc3 Rb8 37. Nd1 Nxd1 38. Qxd1 b4 39. Rc2 bxa3 40. Rxa3 Rb7 41. Qc1 Qg7 42. Rac3 Rf7 43. Rc7 Bb5 44. Rc8+ Kh7 45. Rd8 Bd7 46. Rc7 Rb3 47. Ra7 g4 48. hxg4 Bxg4 49. Rxf7 Bxf3+ 50. Nxf3 Qxf7 51. Rc8 Rxf3 52. Rc7 Rf1+ 53. Kg2 Rxc1 54. Rxf7+ Kg6 55. Rd7 Re1 56. Rxd6+ Kg5 57. Re6 Rxe4 58. d6 Kf5 59. Rxh6 Rd4 60. Kf2 e4 61. Rh4 Ke6 62. Rh6+ Kd7 63. Rf6 e3+ 64. Kf3 Rb4 65. Rh6 Rxb2 66. Kxf4 e2 0-1

[Event "Niedersachsen-ch op-B"]
[Site "Verden"]
[Date "2012.01.05"]
[Round "7"]
[White "Franke, Klaus"]
[Black "Seeber, Helmut"]
[Result "0-1"]
[WhiteElo "1895"]
[BlackElo "1649"]
[PlyCount "72"]
[EventDate "2012.01.02"]
[EventType "swiss"]
[EventRounds "7"]
[EventCountry "GER"]
[SourceTitle "EXT 2021"]
[Source "ChessBase"]
[SourceDate "2020.10.23"]
[SourceVersion "1"]
[SourceVersionDate "2020.10.23"]
[SourceQuality "1"]

1. d4 d5 2. Nf3 c5 3. c3 e6 4. e3 Nf6 5. Nbd2 Be7 6. Bd3 0-0 7. Ne5 b6 8. 0-0 Bb7 9. f4 Nbd7 10. Qf3 Rc8 11. Qh3 Ne4 12. f5 exf5 13. Qxf5 Ndf6 14. Nxe4 Nxe4 15. Bxe4 dxe4 16. Nd7 Re8 17. Qxf7+ Kh8 18. Ne5 Rf8 19. Qh5 Kg8 20. Bd2 Bf6 21. Ng4 Rc6 22. Nxf6+ Rfxf6 23. Rxf6 Rxf6 24. Qe2 Qc8 25. b3 b5 26. Be1 Qf8 27. Bg3 a5 28. Be5 Rf5 29. Qxb5 Bc8 30. Qc6 cxd4 31. cxd4 Rf2 32. Rc1 Rxg2+ 33. Kh1 Bg4 34. Bf4 Bf3 35. Qd5+ Kh8 36. Rf1 Rg5+ 0-1

[Event "Niedersachsen-ch op-B"]
[Site "Verden"]
[Date "2012.01.03"]
[Round "3"]
[White "Franke, Klaus"]
[Black "Nagel, Detlev"]
[Result "1-0"]
[WhiteElo "1895"]
[BlackElo "1433"]
[PlyCount "81"]
[EventDate "2012.01.02"]
[EventType "swiss"]
[EventRounds "7"]
[EventCountry "GER"]
[SourceTitle "EXT 2021"]
[Source "ChessBase"]
[SourceDate "2020.10.23"]
[SourceVersion "1"]
[SourceVersionDate "2020.10.23"]
[SourceQuality "1"]

1. d4 f5 2. Nf3 Nf6 3. Bg5 e6 4. e3 Be7 5. Bxf6 Bxf6 6. Nbd2 0-0 7. e4 fxe4 8. Nxe4 d5 9. Nxf6+ Qxf6 10. Qd2 Nc6 11. 0-0-0 Bd7 12. Bd3 Qf4 13. c3 Qxd2+ 14. Rxd2 Rf6 15. Bb5 a6 16. Bxc6 Bxc6 17. Ne5 Be8 18. f3 b5 19. Re1 Rc8 20. Rde2 h5 21. b4 Ra8 22. Kb2 a5 23. a3 a4 24. h3 Ra6 25. Re3 g5 26. h4 g4 27. fxg4 Rf2+ 28. R3e2 Rxe2+ 29. Rxe2 hxg4 30. Rf2 Bh5 31. g3 Ra8 32. Kc2 Kg7 33. Kd2 Re8 34. Rf4 Rf8 35. Rxf8 Kxf8 36. Ke3 Kg7 37. Kf4 Kf6 38. Nxg4+ Bxg4 39. Kxg4 e5 40. dxe5+ Kxe5 41. h5 1-0

[Event "Niedersachsen-ch op-B"]
[Site "Verden"]
[Date "2012.01.02"]
[Round "2"]
[White "Celik, Abdullah1111"]
[Black "Franke, Klaus"]
[Result "1-0"]
[WhiteElo "2061"]
[BlackElo "1895"]
[PlyCount "135"]
[EventDate "2012.01.02"]
[EventType "swiss"]
[EventRounds "7"]
[EventCountry "GER"]
[SourceTitle "EXT 2021"]
[Source "ChessBase"]
[SourceDate "2020.10.23"]
[SourceVersion "1"]
[SourceVersionDate "2020.10.23"]
[SourceQuality "1"]

1. d4 d5 2. c4 c6 3. Nf3 e6 4. Nc3 f5 5. g3 Nf6 6. Bg2 Bd6 7. 0-0 0-0 8. b3 Ne4 9. Qc2 Nd7 10. Bb2 Nxc3 11. Qxc3 Qe8 12. a4 Qh5 13. Ba3 Bxa3 14. Rxa3 Nf6 15. Qe3 Bd7 16. Qg5 Rad8 17. Qxh5 Nxh5 18. a5 a6 19. Ne5 Nf6 20. c5 Ne8 21. e3 Nc7 22. Rc1 Bc8 23. Bf1 g5 24. Be2 Kg7 25. Kg2 Rf6 26. Raa1 Rdf8 27. Bd3 h5 28. Rg1 Rh6 29. Kf3 Kf6 30. h3 Ke7 31. Ke2 Bd7 32. f3 Be8 33. Raf1 Kd8 34. Rh1 Ke7 35. Rf2 Rfh8 36. Rfh2 h4 37. Kf2 hxg3+ 38. Kxg3 Rh4 39. f4 gxf4+ 40. exf4 R4h7 41. Nf3 Kf6 42. h4 Bh5 43. Ng5 Re7 44. Re1 Rg8 45. Kf2 Rh8 46. Ke3 Rg8 47. Kd2 Rh8 48. Rg1 Rg7 49. Rgg2 Bg4 50. Be2 Bxe2 51. Kxe2 Rg6 52. Nf3 Rhg8 53. Rg5 Rh8 54. Rhg2 Rgh6 55. Rg7 R8h7 56. R2g6+ Rxg6 57. Rxh7 Rg7 58. Rh6+ Rg6 59. Rh7 Rg7 60. Rxg7 Kxg7 61. Ng5 Kg6 62. Ke3 Kh5 63. Nf7 Kxh4 64. Nd8 Kg4 65. Nxb7 Nb5 66. Nd8 Nxd4 67. Kxd4 Kxf4 68. Nxc6 1-0

[Event "Berlin-ch Seniors op 27th"]
[Site "Berlin"]
[Date "2011.02.05"]
[Round "8"]
[White "Franke, Klaus"]
[Black "Platow, Gerd"]
[Result "1/2-1/2"]
[WhiteElo "1657"]
[BlackElo "1432"]
[PlyCount "34"]
[EventDate "2011.01.29"]
[EventType "swiss"]
[EventRounds "9"]
[EventCountry "GER"]
[SourceTitle "EXT 2012"]
[Source "ChessBase"]
[SourceDate "2011.11.24"]
[SourceVersion "1"]
[SourceVersionDate "2011.11.24"]
[SourceQuality "1"]

1. d4 d5 2. Nf3 Bf5 3. e3 h6 4. b3 Nf6 5. Bb2 e6 6. Be2 Nbd7 7. Nbd2 c6 8. 0-0 Bd6 9. c4 Rc8 10. Ne5 Bb8 11. f4 0-0 12. Ndf3 Ng4 13. Nxg4 Bxg4 14. Ne5 Bxe2 15. Qxe2 Nxe5 16. fxe5 f6 17. Qg4 Qe7 1/2-1/2

[Event "Berlin-ch Seniors op 26th"]
[Site "Berlin"]
[Date "2010.02.15"]
[Round "7"]
[White "Franke, Klaus"]
[Black "Ollek, Karl Heinz"]
[Result "1/2-1/2"]
[WhiteElo "1734"]
[BlackElo "1611"]
[PlyCount "44"]
[EventDate "2010.02.09"]
[EventType "swiss"]
[EventRounds "9"]
[EventCountry "GER"]
[SourceTitle "EXT 2012"]
[Source "ChessBase"]
[SourceDate "2011.11.24"]
[SourceVersion "1"]
[SourceVersionDate "2011.11.24"]
[SourceQuality "1"]

1. d4 f5 2. e3 Nf6 3. Nf3 e6 4. b3 b6 5. Bb2 Bb7 6. Be2 Be7 7. 0-0 0-0 8. Nbd2 d5 9. c4 Ne4 10. Rc1 Nd7 11. Qc2 Rc8 12. cxd5 exd5 13. Nxe4 fxe4 14. Nd2 Rf6 15. f3 exf3 16. Rxf3 Rxf3 17. Nxf3 Nf6 18. Bd3 Ne4 19. Bxe4 dxe4 20. Ne5 Qd5 21. Qf2 Rf8 22. Qg3 Bd6 1/2-1/2

[Event "Berlin-ch Seniors op 26th"]
[Site "Berlin"]
[Date "2010.02.11"]
[Round "3"]
[White "Franke, Klaus"]
[Black "Modrow, Reinert"]
[Result "1-0"]
[WhiteElo "1734"]
[BlackElo "1561"]
[PlyCount "87"]
[EventDate "2010.02.09"]
[EventType "swiss"]
[EventRounds "9"]
[EventCountry "GER"]
[SourceTitle "EXT 2012"]
[Source "ChessBase"]
[SourceDate "2011.11.24"]
[SourceVersion "1"]
[SourceVersionDate "2011.11.24"]
[SourceQuality "1"]

1. d4 d5 2. e3 Nf6 3. Nf3 e6 4. b3 Nbd7 5. Bb2 Be7 6. Bd3 c5 7. Nbd2 b6 8. 0-0 Bb7 9. c4 0-0 10. Qe2 Rc8 11. Rfd1 cxd4 12. Bxd4 Nc5 13. Bc2 dxc4 14. Nxc4 Qe8 15. Be5 Bxf3 16. Qxf3 Qc6 17. Qe2 Rfd8 18. Rac1 Rxd1+ 19. Rxd1 Rd8 20. Bd4 Ncd7 21. Bb2 Rc8 22. Bb1 b5 23. Na3 a6 24. Nc2 Nd5 25. Nd4 Qc7 26. Qd3 Nf8 27. Ne2 Nf6 28. Nd4 Rd8 29. Rc1 Qb7 30. Qc2 Nd5 31. Nc6 Nb4 32. Nxd8 Bxd8 33. Qd2 Be7 34. Bd4 Nd5 35. Qb2 Bf6 36. Be4 Bxd4 37. Qxd4 Qd7 38. Bxd5 exd5 39. Rd1 Qe7 40. Qxd5 Qa3 41. Qd2 a5 42. Rb1 a4 43. bxa4 Qxa4 44. Qb2 1-0

[Event "Niedersachsen-ch open"]
[Site "Verden"]
[Date "2010.01.06"]
[Round "7.22"]
[White "Franke, Klaus"]
[Black "Bart, Simon"]
[Result "0-1"]
[WhiteElo "1946"]
[BlackElo "1982"]
[PlyCount "52"]
[EventDate "2010.01.03"]
[EventType "swiss"]
[EventRounds "7"]
[EventCountry "GER"]
[SourceTitle "EXT 2012"]
[Source "ChessBase"]
[SourceDate "2011.11.24"]
[SourceVersion "1"]
[SourceVersionDate "2011.11.24"]
[SourceQuality "1"]

1. d4 Nf6 2. Nd2 d5 3. Ngf3 e6 4. e3 c5 5. c3 Nc6 6. Bd3 Bd6 7. 0-0 0-0 8. Qe2 e5 9. dxc5 Bxc5 10. e4 Bg4 11. exd5 Nxd5 12. Ne4 Bb6 13. Rd1 Qe7 14. Bc4 Nf4 15. Bxf4 exf4 16. h3 Bh5 17. Rd5 Bxf3 18. gxf3 Na5 19. Rad1 Qh4 20. Kg2 Rac8 21. Bd3 Rce8 22. Qd2 Nc6 23. Rf5 Bc7 24. Kh2 Ne5 25. Qe2 Re6 26. Rg5 Rh6 0-1

[Event "Niedersachsen-ch open"]
[Site "Verden"]
[Date "2010.01.05"]
[Round "6.45"]
[White "Kollars, Michael"]
[Black "Franke, Klaus"]
[Result "0-1"]
[WhiteElo "1530"]
[BlackElo "1946"]
[PlyCount "114"]
[EventDate "2010.01.03"]
[EventType "swiss"]
[EventRounds "7"]
[EventCountry "GER"]
[SourceTitle "EXT 2012"]
[Source "ChessBase"]
[SourceDate "2011.11.24"]
[SourceVersion "1"]
[SourceVersionDate "2011.11.24"]
[SourceQuality "1"]

1. e4 c6 2. d4 d5 3. e5 h5 4. h4 g6 5. Be2 Nh6 6. Nc3 Nf5 7. Nf3 e6 8. Bg5 Be7 9. Bxe7 Qxe7 10. g3 c5 11. dxc5 Qxc5 12. Nb5 Bd7 13. Nbd4 Nxd4 14. Nxd4 Nc6 15. Nb3 Qb6 16. f4 Rc8 17. c3 a5 18. Qd2 a4 19. Nd4 Nxd4 20. cxd4 Bb5 21. Rd1 Bxe2 22. Qxe2 Kd7 23. 0-0 Rc4 24. Kg2 Rhc8 25. Rd2 R8c7 26. Rf3 Rb4 27. Rc3 Rxc3 28. bxc3 Rb1 29. Rd1 Rb2 30. Rd2 a3 31. Kh3 Kc6 32. c4 Rxd2 33. cxd5+ Kxd5 34. Qxd2 Qb2 35. Qa5+ Ke4 36. Qe1+ Kxd4 37. Qg1+ Kc3 38. Qc5+ Kd2 39. Qf2+ Kc1 40. Qe1+ Kc2 41. Qe4+ Kc3 42. Qe3+ Kc4 43. Qe4+ Kc5 44. Qe3+ Kb5 45. Qd3+ Ka5 46. Qd8+ b6 47. Qd7 Qc1 48. Qa7+ Kb5 49. Qd7+ Kb4 50. Qe7+ Kc3 51. Qc7+ Kb2 52. Qxb6+ Kxa2 53. Qf2+ Qb2 54. Qf1 Qc2 55. Qb5 Qc1 56. Qe2+ Ka1 57. Qf2 Qh1+ 0-1

[Event "Niedersachsen-ch open"]
[Site "Verden"]
[Date "2010.01.03"]
[Round "1.34"]
[White "Franke, Klaus"]
[Black "Finke, Harald"]
[Result "1/2-1/2"]
[WhiteElo "1946"]
[BlackElo "2011"]
[PlyCount "38"]
[EventDate "2010.01.03"]
[EventType "swiss"]
[EventRounds "7"]
[EventCountry "GER"]
[SourceTitle "EXT 2012"]
[Source "ChessBase"]
[SourceDate "2011.11.24"]
[SourceVersion "1"]
[SourceVersionDate "2011.11.24"]
[SourceQuality "1"]

1. d4 Nf6 2. Nd2 d5 3. e3 Bf5 4. c4 c6 5. Qb3 Qc7 6. f4 e6 7. Ngf3 Nbd7 8. Ne5 Nxe5 9. fxe5 Ne4 10. Be2 Be7 11. 0-0 0-0 12. Nxe4 Bxe4 13. Bd2 Rac8 14. Bd3 Bxd3 15. Qxd3 f5 16. exf6 Rxf6 17. e4 Rxf1+ 18. Rxf1 Rf8 19. Rxf8+ Bxf8 1/2-1/2

[Event "Niedersachsen-ch open"]
[Site "Verden"]
[Date "2010.01.03"]
[Round "2.20"]
[White "Raum, Sebastian"]
[Black "Franke, Klaus"]
[Result "1-0"]
[WhiteElo "1910"]
[BlackElo "1946"]
[PlyCount "77"]
[EventDate "2010.01.03"]
[EventType "swiss"]
[EventRounds "7"]
[EventCountry "GER"]
[SourceTitle "EXT 2012"]
[Source "ChessBase"]
[SourceDate "2011.11.24"]
[SourceVersion "1"]
[SourceVersionDate "2011.11.24"]
[SourceQuality "1"]

1. e4 c6 2. d4 d5 3. Nc3 dxe4 4. Nxe4 Nd7 5. Ng5 Ngf6 6. Bd3 Nb6 7. N1f3 Bg4 8. 0-0 e6 9. h3 Bxf3 10. Nxf3 Be7 11. c4 Qc7 12. Ne5 Nbd7 13. Bf4 Nxe5 14. Bxe5 Bd6 15. Qe2 Bxe5 16. dxe5 Nd7 17. f4 Nc5 18. Bc2 Qb6 19. Qf2 Nd7 20. Rfd1 Ke7 21. Qxb6 Nxb6 22. b3 Rad8 23. Kf2 h6 24. Ke3 Rxd1 25. Rxd1 Rd8 26. Rxd8 Kxd8 27. Kd4 Ke7 28. g4 Nd7 29. b4 f6 30. a4 g5 31. exf6+ Kxf6 32. f5 b6 33. fxe6 Kxe6 34. Bf5+ Kd6 35. Bxd7 Kxd7 36. Ke5 Ke7 37. a5 b5 38. cxb5 cxb5 39. a6 1-0

[Event "Niedersachsen-ch op"]
[Site "Verden"]
[Date "2009.01.06"]
[Round "7"]
[White "Brandt, Volker"]
[Black "Franke, Klaus"]
[Result "0-1"]
[WhiteElo "1384"]
[BlackElo "2002"]
[PlyCount "74"]
[EventDate "2009.01.03"]
[EventType "swiss"]
[EventRounds "7"]
[EventCountry "GER"]
[SourceTitle "EXT 2012"]
[Source "ChessBase"]
[SourceDate "2011.11.24"]
[SourceVersion "1"]
[SourceVersionDate "2011.11.24"]
[SourceQuality "1"]

1. Nf3 d5 2. Rg1 g6 3. h3 Bg7 4. c3 e5 5. d3 Be6 6. Nbd2 Nd7 7. g4 c6 8. e4 h5 9. g5 Nb6 10. h4 Qc7 11. a4 Nc8 12. Rg3 Qd7 13. b4 Nd6 14. Qe2 Bg4 15. Qe3 Qe6 16. Nh2 d4 17. Nxg4 dxe3 18. Nxe3 Qd7 19. Bh3 Qc7 20. Nb3 Ne7 21. Nc5 0-0 22. Nc2 a5 23. Be3 b6 24. Nd7 Rfb8 25. Nf6+ Kh8 26. Nd7 Rb7 27. Kd2 Rd8 28. f3 Rxd7 29. Bxd7 Qxd7 30. Ke2 axb4 31. cxb4 c5 32. b5 c4 33. d4 exd4 34. Bxd4 Bxd4 35. Nxd4 Nxe4 36. fxe4 Qxd4 37. Rd1 Qxe4+ 0-1

[Event "Niedersachsen-ch op"]
[Site "Verden"]
[Date "2009.01.05"]
[Round "6"]
[White "Franke, Klaus"]
[Black "Rose, Shawn"]
[Result "1/2-1/2"]
[WhiteElo "2002"]
[BlackElo "1583"]
[PlyCount "65"]
[EventDate "2009.01.03"]
[EventType "swiss"]
[EventRounds "7"]
[EventCountry "GER"]
[SourceTitle "EXT 2012"]
[Source "ChessBase"]
[SourceDate "2011.11.24"]
[SourceVersion "1"]
[SourceVersionDate "2011.11.24"]
[SourceQuality "1"]

1. d4 d5 2. Nf3 Nf6 3. e3 g6 4. Bd3 Bg7 5. Nbd2 b6 6. Qe2 Bb7 7. Ne5 0-0 8. f4 Nbd7 9. 0-0 a5 10. Qf3 c5 11. c3 Qc7 12. Qg3 Nxe5 13. fxe5 Ne4 14. Qh4 f5 15. Nf3 c4 16. Bxe4 fxe4 17. Ng5 Rxf1+ 18. Kxf1 h6 19. Ne6 Qd7 20. Nxg7 Kxg7 21. Bd2 Rf8+ 22. Ke2 g5 23. Qg3 Qf5 24. Rg1 Bc6 25. Be1 h5 26. h4 g4 27. Qh2 Ba4 28. Kd2 Qd7 29. Bg3 b5 30. Bf4 b4 31. Qh1 Qc6 32. Rb1 Qg6 33. b3 1/2-1/2

[Event "Niedersachsen-ch op"]
[Site "Verden"]
[Date "2009.01.05"]
[Round "5"]
[White "Hupe, Henning"]
[Black "Franke, Klaus"]
[Result "1-0"]
[WhiteElo "2091"]
[BlackElo "2002"]
[PlyCount "61"]
[EventDate "2009.01.03"]
[EventType "swiss"]
[EventRounds "7"]
[EventCountry "GER"]
[SourceTitle "EXT 2012"]
[Source "ChessBase"]
[SourceDate "2011.11.24"]
[SourceVersion "1"]
[SourceVersionDate "2011.11.24"]
[SourceQuality "1"]

1. e4 c6 2. d4 d5 3. e5 c5 4. c3 Nc6 5. a3 cxd4 6. cxd4 Qb6 7. Ne2 Bg4 8. f3 Bh5 9. Nbc3 e6 10. Na4 Qc7 11. Be3 b5 12. Nac3 a6 13. Rc1 Qb6 14. Kf2 Na5 15. Nf4 Ne7 16. g4 Bg6 17. h4 h6 18. Nxg6 Nxg6 19. h5 Ne7 20. b4 Nc4 21. Bxc4 bxc4 22. Rb1 Nc8 23. Qa4+ Kd8 24. f4 Be7 25. Kf3 Qb7 26. g5 Kc7 27. gxh6 gxh6 28. Rhg1 Na7 29. Rg7 Raf8 30. b5 a5 31. b6+ 1-0

[Event "Niedersachsen-ch op"]
[Site "Verden"]
[Date "2009.01.03"]
[Round "2"]
[White "Franke, Klaus"]
[Black "Worpenberg, Matthias"]
[Result "1-0"]
[WhiteElo "2002"]
[BlackElo "1239"]
[PlyCount "69"]
[EventDate "2009.01.03"]
[EventType "swiss"]
[EventRounds "7"]
[EventCountry "GER"]
[SourceTitle "EXT 2012"]
[Source "ChessBase"]
[SourceDate "2011.11.24"]
[SourceVersion "1"]
[SourceVersionDate "2011.11.24"]
[SourceQuality "1"]

1. d4 d5 2. Nf3 e6 3. e3 f5 4. c4 Nf6 5. Nc3 c6 6. Be2 Bd6 7. c5 Bc7 8. b4 0-0 9. a4 Bd7 10. Nd2 b6 11. Nb3 Na6 12. b5 cxb5 13. axb5 Nb4 14. c6 Be8 15. Bd2 a6 16. 0-0 Qb8 17. g3 e5 18. Ra4 Bd6 19. dxe5 Bxe5 20. Rxb4 axb5 21. Bxb5 Qc8 22. Nd4 Bxd4 23. Rxd4 Bxc6 24. Qb3 Qb7 25. Rb1 Ra5 26. Bxc6 Qxc6 27. Qxb6 Qd7 28. Qxa5 Ne4 29. Qxd5+ Qxd5 30. Rxd5 Rc8 31. Nxe4 fxe4 32. Rb7 Ra8 33. Rdd7 Kf8 34. Bb4+ Kg8 35. Rxg7+ 1-0

[Event "Niedersachsen-ch"]
[Site "Verden"]
[Date "2008.01.04"]
[Round "3"]
[White "Franke, Klaus"]
[Black "Niehaus, Stephan"]
[Result "1/2-1/2"]
[WhiteElo "2045"]
[BlackElo "2111"]
[PlyCount "67"]
[EventDate "2008.01.03"]
[EventType "swiss"]
[EventRounds "7"]
[EventCountry "GER"]
[SourceTitle "EXT 2010"]
[Source "ChessBase"]
[SourceDate "2010.11.25"]
[SourceVersion "1"]
[SourceVersionDate "2010.11.25"]
[SourceQuality "1"]

1. d4 d5 2. Nf3 Nf6 3. e3 Bf5 4. c4 e6 5. Nc3 c6 6. cxd5 exd5 7. Be2 Nbd7 8. 0-0 Bd6 9. Re1 Ne4 10. Bd3 Bg6 11. Qc2 f5 12. g3 0-0 13. Nh4 Qf6 14. f4 Bh5 15. Be2 Bxe2 16. Rxe2 Rae8 17. Nf3 Qe7 18. Nxe4 fxe4 19. Ne5 Bxe5 20. dxe5 Nc5 21. Bd2 Nd3 22. a3 c5 23. b4 b6 24. Qb3 Qf7 25. Bc3 c4 26. Qc2 Re6 27. Rg2 h5 28. Qe2 Qf5 29. g4 hxg4 30. Qxg4 Qxg4 31. Rxg4 Rf5 32. h4 Kf7 33. Rg5 Rxg5+ 34. hxg5 1/2-1/2